Please Tell Me The Answer Earth Invention And Discoveries/ (Record no. 83063)

MARC details
000 -LEADER
fixed length control field 00714nam a22002057a 4500
005 - DATE AND TIME OF LATEST TRANSACTION
control field 20240813112604.0
010 ## - LCCN (DPL NO)
LC control number B-516195-196 ENG-141322
020 ## - INTERNATIONAL STANDARD BOOK NUMBER
International Standard Book Number 8181080521
Terms of availability 350.00
035 ## - SYSTEM CONTROL NUMBER
System control number B-516195-196
035 ## - SYSTEM CONTROL NUMBER
System control number EN-124854
037 ## - SOURCE OF ACQUISITION
Stock number Janvani/Ven
082 ## - DEWEY DECIMAL CLASSIFICATION NUMBER
Classification number 500
100 ## - MAIN ENTRY--PERSONAL NAME
Personal name Sharma, Roshi
245 ## - TITLE STATEMENT
Title Please Tell Me The Answer Earth Invention And Discoveries/
Statement of responsibility, etc By Roshi Sharma
260 ## - PUBLICATION, DISTRIBUTION, ETC. (IMPRINT)
Place of publication, distribution, etc Delhi
Name of publisher, distributor, etc Yugbodh Sahitya
270 ## - ADDRESS
Address 518/6B, Karkari Road,Vishwas Nagar Shahadra,
City Delhi
Postal code 110032
300 ## - PHYSICAL DESCRIPTION
Extent 198p.:
Other physical details 22cm(pbk)
Dimensions ill.
942 ## - ADDED ENTRY ELEMENTS (KOHA)
Source of classification or shelving scheme Dewey Decimal Classification
Item type Children Books
Classification part 500
Call number suffix SHA
Holdings
Withdrawn status Lost status Not for loan Collection code Home library Current library Date acquired Source of acquisition Cost, normal purchase price Full call number Barcode Copy number Cost, replacement price Koha item type
      Non-fiction Central Library Central Library 19/03/2014 Janvani/6164/25.03.2013/196/20.03.2013/26.03.2013 350.00 500 SHA B-516195 1 350.00 Children Books
      Non-fiction D.B.Act.Division D.B.Act.Division 13/08/2024 Delivery of Books Act Division 595.00 500 SHA EN-124854 1 595.00 Children Books
      Non-fiction Patel Nagar Patel Nagar 19/03/2014 Janvani/6164/25.03.2013/196/20.03.2013/26.03.2013 350.00 500 SHA B-516196 1 350.00 Children Books

© Delhi Public Library
Hit Counter
free hit counter